000 00645nam a2200241Ia 4500
003 OSt
005 20220918203623.0
006 a|||||r|||| 00| 0
007 ta
008 220917b |||||||| |||| 00| 0 eng d
024 _a109,197
037 _cTextual
040 _aARTS
_cARTS
_beng
041 _2eng
_aeng
082 _aV44Q71:55.N7, L6
100 _aSaxena J N
_9109280
245 0 _aSelf determination
_b from Biafra to Bangladesh
260 _aDelhi
_bUniv of Delhi
_c1976
300 _aii, 151p.
_ccm.
650 _aHISTORY
942 _hV44Q71:55.N7, L6
_cTEXL
_2CC
999 _c232551
_d232551